[Event "Auckland Trusts op 45th"]
[Site "Auckland"]
[Date "2023.06.03"]
[Round "1"]
[White "Tew, Yao Zen Markis"]
[Black "Mao, Daqi"]
[Result "0-1"]
[WhiteElo "1686"]
[BlackElo "1989"]
[PlyCount "54"]
[EventDate "2023.06.03"]
[EventType "swiss"]
[EventRounds "6"]
[EventCountry "NZL"]
[SourceTitle "EXT 2024"]
[Source "ChessBase"]
[SourceDate "2023.10.10"]
[SourceVersion "1"]
[SourceVersionDate "2023.10.10"]
[SourceQuality "1"]

1. e4 e6 2. Nc3 d5 3. Nf3 Nf6 4. e5 Nfd7 5. d4 c5 6. Bg5 Qb6 7. dxc5 Bxc5 8. Qd2 Nc6 9. Na4 Qc7 10. Nxc5 Nxc5 11. 0-0-0 Ne4 12. Qe3 Qb6 13. Bd3 Nxf2 14. Qf4 Nxh1 15. Rxh1 h6 16. Bh4 Qb4 17. c4 dxc4 18. Be4 Bd7 19. Rf1 Rf8 20. Nd2 g5 21. Bxg5 hxg5 22. Qxg5 c3 23. bxc3 Qxc3+ 24. Kd1 Nd4 25. Bg6 Ba4+ 26. Nb3 Bxb3+ 27. axb3 Qa1+ 0-1